Practical problems in soil mechanics (Record no. 546411)
[ view plain ]
| 000 -LEADER | |
|---|---|
| fixed length control field | 00481nam a22001577a 4500 |
| 082 ## - DEWEY DECIMAL CLASSIFICATION NUMBER | |
| Classification number | 624.15136 |
| Author Mark | REY |
| -- | L-16, P-8 |
| 100 ## - MAIN ENTRY--PERSONAL NAME | |
| Personal name | Raynolds, Henery R. |
| 9 (RLIN) | 42536 |
| 245 ## - TITLE STATEMENT | |
| Title | Practical problems in soil mechanics |
| Statement of responsibility, etc. | Raynolds, Henery R. |
| 250 ## - EDITION STATEMENT | |
| Edition statement | 1st ed. |
| 260 ## - PUBLICATION, DISTRIBUTION, ETC. | |
| Place of publication, distribution, etc. | London |
| Name of publisher, distributor, etc. | Crosby Lockwood & son |
| Date of publication, distribution, etc. | 1948 |
| 300 ## - PHYSICAL DESCRIPTION | |
| Extent | xii, 205 p. |
| Other physical details | ill. |
| Dimensions | 24 cm. |
| 526 ## - STUDY PROGRAM INFORMATION NOTE | |
| Program name | 0 |
| Interest level | 0 |
| Reading level | 0 |
| Title point value | 624_151360000000000_REY |
| 526 ## - STUDY PROGRAM INFORMATION NOTE | |
| Program name | 0 |
| Interest level | 0 |
| Reading level | 0 |
| Title point value | 624_151360000000000_REY |
| 650 ## - SUBJECT ADDED ENTRY--TOPICAL TERM | |
| Topical term or geographic name entry element | MCE |
| 9 (RLIN) | 379 |
| 942 ## - ADDED ENTRY ELEMENTS (KOHA) | |
| Source of classification or shelving scheme | |
| Koha item type | Book |
| Withdrawn status | Lost status | Source of classification or shelving scheme | Damaged status | Not for loan | Permanent Location | Current Location | Date acquired | Total Checkouts | Full call number | Barcode | Date last seen | Price effective from | Koha item type |
|---|---|---|---|---|---|---|---|---|---|---|---|---|---|
| Military College of Engineering (MCE) | Military College of Engineering (MCE) | 06/11/2014 | 624.15136 REY | MCE-30010 | 06/11/2014 | 06/11/2014 | Book | ||||||
| Military College of Engineering (MCE) | Military College of Engineering (MCE) | 06/11/2014 | 624.15136 REY | MCE-29477 | 06/11/2014 | 06/11/2014 | Book |
